Alexander Skarsgård Filmography - Statistics

General Stats
  • This quiz has been taken 62 times
    3 since last reset
  • The average score is 4 of 87
Answer Stats
Type Year Name % Correct
Film 2016 The Legend of Tarzan
100%
Film 2021 Godzilla vs. Kong
67%
TV Show 2026 Saturday Night Live
67%
Film 2025 Pillion
33%
Film 2022 The Northman
33%
TV Show 2008-2014 True Blood
33%
Film 2001 Zoolander
33%
Film 2010 13
0%
Film 2005 About Sara
0%
Film 1984 Åke and His World
0%
Commercial 2020-2021 Alfa Romeo
0%
TV Show 2022 Atlanta
0%
Film 2012 Battleship
0%
Film 2009 Beyond the Pole
0%
TV Show 2017-2019 Big Little Lies
0%
Theater 2003 Bloodwedding
0%
TV Film 2006 Cuppen
0%
TV Film 2000 D-Dag
0%
TV Film 2001 D-Dag - Den Færdige Film
0%
TV Film 2000 D-Dag - Lise
0%
Film 2012 Disconnect
0%
TV Show 2022 Documentary Now!
0%
Film 2005 Double Shift
0%
TV Show 2018 Drunk History
0%
TV Show 2013 Eastbound & Down
0%
Film 2023 Eric Larue
0%
Film 2006 Exit
0%
Music Video 2013 Free Your Mind
0%
TV Mini-Series 2008 Generation Kill
0%
TV Mini-Series 2007 Golden Brown Eyes
0%
Film 1999 Happy End
0%
Short Film 2004 Heartbeat
0%
Film 2015 Hidden
0%
Film 2018 Hold the Dark
0%
Short Film 2000 Hundtricket
0%
TV Film 1987 Idag Röd
0%
Film 2023 Infinity Pool
0%
Film 2007 Järnets Änglar
0%
TV Mini-Series 2000 Judith
0%
Film 2006 Kill Your Darlings
0%
Film 2001 Kites Over Helsinki
0%
Film 2023 Lee
0%
Film 2019 Long Shot
0%
Film 2011 Melancholia
0%
Film 2009 Metropia
0%
Film 2010 Moomins and the Comet Chase
0%
Web Series 2024 Mr. & Mrs. Smith
0%
Web Series 2025 Murderbot
0%
Film 2018 Mute
0%
Short Film 2006 Never Be Mine
0%
TV Show 2019 On Becoming a God in Central Florida
0%
Music Video 2009 Paparazzi
0%
Film 2021 Passing
0%
Film 2010 Puss
0%
TV Mini-Series 2005 Revelations
0%
Film 2006 Score
0%
Film 2011 Straw Dogs
0%
TV Show 2021-2023 Succession
0%
Film 2019 The Aftermath
0%
Film 2015 The Diary of a Teenage Girl
0%
Film 2000 The Diver
0%
Film 1989 The Dog That Smiled
0%
Film 2002 The Dog Trick
0%
Film 2013 The East
0%
Film 2014 The Giver
0%
Film 2018 The Hummingbird Project
0%
Film 2019 The Kill Team
0%
TV Show 2022 The Kingdom
0%
Film 2006 The Last Drop
0%
TV Mini-Series 2018 The Little Drummer Girl
0%
Film 2026 The Moment
0%
Short Film 2026 The Rose
0%
Web Mini-Series 2020-2021 The Stand
0%
Film TBA The Tiger
0%
Film 2026 The Wolf Will Tear Your Immaculate Hands
0%
Director 2003 To Kill a Child
0%
Film 2010 Trust Me
0%
Commercial 2018 Tumi: Latitude
0%
TV Show 1999 Vita Lögner
0%
Film 2016 War on Everyone
0%
Film 2012 What Maisie Knew
0%
TV Show 2024 What We Do in the Shadows
0%
Film 2000 White Water Fury
0%
Theater 2002 Who's Afraid of Virginia Woolf?
0%
Film 2026 Wicker
0%
Film 2000 Wings of Glass
0%
Film 2016 Zoolander 2
0%
No matching quizzes found
Score Distribution
Percent of People with Each Score
Percentile by Number Answered
Your Score History
You have not taken this quiz since the last reset